| 000 | 00503nam a22001937a 4500 | ||
|---|---|---|---|
| 005 | 20230324123537.0 | ||
| 008 | 230324b ||||| |||| 00| 0 eng d | ||
| 040 |
_aIN-DiNC _cIN-DiNC |
||
| 041 | _dasm | ||
| 082 |
_a883 _bHOM |
||
| 100 |
_aHomer _eauthor |
||
| 245 |
_aOddyssey/ _cby Homer and translated by Pradip Saikia |
||
| 250 | _a3rd ed. | ||
| 260 |
_aGuwahati: _bBanalata, _c2015. |
||
| 300 | _a319p. | ||
| 650 | _aGreek literature | ||
| 700 |
_aSaikia, Pradip _eTranslator |
||
| 942 |
_2ddc _cBK |
||
| 999 |
_c11504 _d11504 |
||